Программа, методические указания и контрольные задания по курсу "Автоматизированный электропривод общепромышленных механизмов": для студентов высших учебных заведений по специальности 0628 - Электропривод и автоматизация промышленных установок

Detalles Bibliográficos
Autor principal: Ачкасов Ю. М.
Sumario:Ротапр. изд.
Lenguaje:ruso
Publicado: Томск, 1964
Materias:
Formato: MixedMaterials Libro
KOHA link:https://koha.lib.tpu.ru/cgi-bin/koha/opac-detail.pl?biblionumber=592445

MARC

LEADER 00000nam0a2200000 4500
001 592445
005 20231101131717.0
035 |a (RuTPU)RU\TPU\tpu\4548 
035 |a TPU00004548 
090 |a 592445 
100 |a 20011210d1964 u y0rusy50 ca 
101 0 |a rus 
102 |a RU 
105 |a  000|y 
200 1 |a Программа, методические указания и контрольные задания по курсу "Автоматизированный электропривод общепромышленных механизмов"  |e для студентов высших учебных заведений по специальности 0628 - Электропривод и автоматизация промышленных установок  |f Ю. М. Ачкасов 
210 |a Томск  |d 1964 
215 |a 11 с. 
300 |a Ротапр. изд. 
610 1 |a учебные пособия 
610 1 |a труды учёных ТПУ 
610 1 |a электрические машины 
610 1 |a электропривод 
700 1 |a Ачкасов  |b Ю. М. 
801 0 |a RU  |b 63413507  |c 20011210  |g PSBO 
801 2 |a RU  |b 63413507  |c 20071214  |g PSBO 
942 |c BK